| 000 | 01242cam a2200241 4500 | ||
|---|---|---|---|
| 001 | J125912 | ||
| 008 | 040422n2004 000 0 eng u | ||
| 035 | _a(Sirsi) u125912 | ||
| 041 | _aeng | ||
| 050 |
_a346.41036 _c18 |
||
| 110 |
_aUnited Kingdom _bOffice of the Deputy Prime Minister |
||
| 245 |
_aHigh hedges complaints _bprevention and cure - consultation draft _h[electronic resource] |
||
| 260 |
_aLondon _bODPM _c2004 |
||
| 520 | _aThis consultation paper sets out government policy on administering complaints about high hedges. Outlines the law and suggests ways in which local authorities can run the system. Looks at: preventing hedge problems; settling problems amicably; complaining to the council - introducing the law on hedges; what complaints councils can consider; dealing with complaints; remedial notices; appeals; and enforcement. | ||
| 650 | _aHIGH HEDGES | ||
| 650 | _aNEIGHBOUR DISPUTES | ||
| 650 | _aANTI-SOCIAL BEHAVIOUR ACT 2003 | ||
| 650 | _aCONSULTATION PAPERS | ||
| 650 | _aLOCAL AUTHORITIES | ||
| 690 |
_aBoundary disputes _96221 |
||
| 856 |
_uhttps://www.communities.gov.uk/documents/planningandbuilding/pdf/highhedgesdraft.pdf _zView the consultation paper at www.communities.gov.uk |
||
| 942 | _n0 | ||
| 999 |
_c103496 _d103496 |
||